=LDR 00000nam 2200000 4500 =001 INLIS000000000023442 =005 20200611072852 =035 ##$$a 0010-061300000023442 =008 200611################g##########0#ind## =041 ##$$a ind =082 ##$$a 2x3.71 =090 ##$$a 2x3.71, QAR m =100 1#$$a Qorni, Ali bin Muhammad bin Mahdi =245 1#$$a Menghindari godaan syaitan, /$c Ali bin Muhammad bin Mahdi Al-Qorni; penerjemah, Salim Bazemool =260 ##$$a Solo :$b Pustaka Mantiq,$c 1994 =300 ##$$a 167 hlm., ; $c 12x17 cm =650 #4$$a Aqidah Islam =850 ##$$a NBPNMAT =084 ##$$a 2x3.71 QOR m =250 ##$$a cet.2 =990 ##$$a 00050119